Statistics for U.S. States by Number of Counties

Click here to take the quiz!

General Stats

  • This quiz has been taken 145 times
  • The average score is 12 of 50

Answer Stats

# Answer % Correct
254Texas
91%
3Delaware
57%
5Rhode Island
53%
5Hawaii
49%
58California
43%
10New Hampshire
41%
159Georgia
37%
8Connecticut
37%
14Vermont
37%
21New Jersey
29%
16Maine
28%
30Alaska
28%
133Virginia
26%
67Florida
25%
14Massachusetts
25%
99Iowa
24%
24Maryland
22%
15Arizona
22%
62New York
21%
17Nevada
20%
67Alabama
18%
100North Carolina
18%
67Pennsylvania
18%
56Montana
18%
83Michigan
18%
36Oregon
17%
75Arkansas
17%
102Illinois
17%
95Tennessee
17%
105Kansas
16%
29Utah
16%
92Indiana
16%
44Idaho
16%
88Ohio
16%
120Kentucky
16%
64Colorado
16%
64Louisiana
16%
115Missouri
14%
87Minnesota
14%
23Wyoming
14%
93Nebraska
13%
33New Mexico
13%
53North Dakota
13%
39Washington
13%
66South Dakota
12%
46South Carolina
12%
72Wisconsin
11%
82Mississippi
11%
77Oklahoma
9%
55West Virginia
7%

Score Distribution

Percentile by Number Answered

Percent of People with Each Score

Your Score History

You have not taken this quiz